| 000 | 00477nam a2200133 a 4500 | ||
|---|---|---|---|
| 008 | 120416s1972 ||||||||||||||||| || u | ||
| 050 | _aT 57.7 Gar | ||
| 100 | _aGarfinkel, Robert S | ||
| 245 | 1 | 0 | _aInteger programming |
| 260 |
_aNew York _bJohn Wiley and Sons _c[1972] |
||
| 300 | _axiv, 427p. : ill. | ||
| 350 | _a0.00 | ||
| 995 |
_D0.00 _FCBU-MAIN LIBRARY (Kitwe) _H1 _I0.00 _M1 _UAVAILABLE _ZMain Library Open Access Collection |
||
| 999 |
_c47120 _d47120 |
||